|
|
|
|
| LEADER |
02039nam a2200577 4500 |
| 001 |
ocn890708962 |
| 003 |
OCoLC |
| 005 |
20170124070156.4 |
| 006 |
m o d |
| 007 |
cr cnu---unuuu |
| 008 |
140917s2014 enk o 000 0 eng d |
| 040 |
|
|
|a N$T
|b eng
|e rda
|e pn
|c N$T
|d DG1
|d YDXCP
|d IDEBK
|d E7B
|d CDX
|d OCLCF
|d OCLCQ
|d COO
|d OCLCO
|d DEBBG
|d GrThAP
|
| 019 |
|
|
|a 962633091
|
| 020 |
|
|
|a 9781118576816
|q (electronic bk.)
|
| 020 |
|
|
|a 1118576810
|q (electronic bk.)
|
| 020 |
|
|
|a 9781118576663
|q (electronic bk.)
|
| 020 |
|
|
|a 1118576667
|q (electronic bk.)
|
| 020 |
|
|
|z 9781848213951
|
| 020 |
|
|
|z 1848213956
|
| 029 |
1 |
|
|a AU@
|b 000053548482
|
| 029 |
1 |
|
|a CHBIS
|b 010259832
|
| 029 |
1 |
|
|a CHVBK
|b 325942730
|
| 029 |
1 |
|
|a NZ1
|b 15909369
|
| 029 |
1 |
|
|a GBVCP
|b 814873626
|
| 029 |
1 |
|
|a DEBBG
|b BV043397127
|
| 035 |
|
|
|a (OCoLC)890708962
|z (OCoLC)962633091
|
| 050 |
|
4 |
|a TA3575.5.T87
|
| 072 |
|
7 |
|a TEC
|x 009000
|2 bisacsh
|
| 072 |
|
7 |
|a TEC
|x 035000
|2 bisacsh
|
| 082 |
0 |
4 |
|a 620.1064
|2 23
|
| 049 |
|
|
|a MAIN
|
| 100 |
1 |
|
|a Tardu, Sedat,
|d 1959-
|e author.
|
| 245 |
1 |
0 |
|a Transport and coherent structures in wall turbulence /
|c Sedat Tardu.
|
| 264 |
|
1 |
|a London :
|b Wiley-ISTE,
|c 2014.
|
| 300 |
|
|
|a 1 online resource.
|
| 336 |
|
|
|a text
|b txt
|2 rdacontent
|
| 337 |
|
|
|a computer
|b c
|2 rdamedia
|
| 338 |
|
|
|a online resource
|b cr
|2 rdacarrier
|
| 490 |
1 |
|
|a Fluid Mechanics Series
|
| 588 |
0 |
|
|a Print version record.
|
| 504 |
|
|
|a Includes bibliographical references and index.
|
| 650 |
|
0 |
|a Turbulence.
|
| 650 |
|
7 |
|a TECHNOLOGY & ENGINEERING
|x Engineering (General)
|2 bisacsh
|
| 650 |
|
7 |
|a TECHNOLOGY & ENGINEERING
|x Reference.
|2 bisacsh
|
| 650 |
|
7 |
|a Turbulence.
|2 fast
|0 (OCoLC)fst01159210
|
| 655 |
|
4 |
|a Electronic books.
|
| 655 |
|
0 |
|a Electronic books.
|
| 776 |
0 |
8 |
|i Print version:
|a Tardu, Sedat, 1959- author.
|t Transport and coherent structures in wall turbulence
|z 9781848213951
|w (OCoLC)890394780
|
| 830 |
|
0 |
|a Fluid mechanics series.
|
| 856 |
4 |
0 |
|u https://doi.org/10.1002/9781118576663
|z Full Text via HEAL-Link
|
| 994 |
|
|
|a 92
|b DG1
|